Countries with the Biggest Gender Gap - Statistics

General Stats
  • This quiz has been taken 43 times
    25 since last reset
  • The average score is 14 of 20
Answer Stats
Score Country % Correct
0.602 Oman
96%
0.494 Yemen
96%
0.629 Qatar
92%
0.567 Syria
92%
0.584 Iran
88%
0.540 Iraq
88%
0.564 Pakistan
88%
0.599 Saudi Arabia
88%
0.629 Egypt
83%
0.623 Jordan
83%
0.596 Chad
75%
0.605 Morocco
71%
0.621 Mali
67%
0.614 Mauritania
67%
0.599 Lebanon
58%
0.578 Democratic Republic of the Congo
54%
0.626 Tajikistan
54%
0.628 Gambia
38%
0.606 Ivory Coast
33%
0.615 Togo
33%
No matching quizzes found
Score Distribution
Percent of People with Each Score
Percentile by Number Answered
Your Score History
You have not taken this quiz since the last reset